000 01034cas a2200313 a 4500
001 49422
005 20230411085846.0
008 061026c20059999gt uu r 0 0spa
010 _a 2006208699
_z 2006419098
035 _a(OCoLC)ocm74464675
040 _aDLC
_cDLC
035 _a(OCoLC)74464675
042 _alc
050 1 4 _aR JL 1419
_bR337 2005.
049 _aGRAL
245 0 0 _aRegistro de partidos políticos de Centroamérica y República Dominicana.
260 _aGuatemala :
_bParlamento Centroamericano :
_bINCEP :
_bOrganización de los Estados Americanos,
_c2005-
300 _av. :
_bcol. ill. ;
_c21 cm.
362 0 _aAgosto 2005-
650 0 _aPolitical parties
_zCentral America
_vDirectories.
650 0 _aPolitical parties
_zDominican Republic
_vDirectories.
710 2 _aParlamento Centroamericano.
710 2 _aInstituto Centroamericano de Estudios Políticos.
710 2 _aOrganization of American States.
942 _2lcc
_cbk
946 _amjcruz
994 _aC0
_bDRFGD
999 _c108395
_d108395